| 000 | 00000nam##2200000za#4500 |
| 001 | 9.573762 |
| 003 | CaOODSP |
| 005 | 20210624183845 |
| 007 | cr ||||||||||| |
| 008 | 150406|1991||||xxc|||||o f|0| 0 eng|d |
| 022 | |a1488-5379 |
| 040 | |aCaOODSP|beng |
| 043 | |an-cn--- |
| 086 | 1 |aFs97-6/1806E-PDF |
| 110 | 1 |aCanada. |bDepartment of Fisheries and Oceans. |bCentral and Arctic Region. |
| 245 | 10|aPhysical, chemical and biological effects of the Churchill River diversion and Lake Winnipeg regulation on aquatic ecosystems / |h[electronic resource]|cby R.F. Baker and S. Davies. |
| 260 | |aWinnipeg - Manitoba : |bFisheries and Oceans Canada. |c1991. |
| 300 | |a61p.|bmap, references, tables |
| 490 | 1 |aCanadian technical report of fisheries and aquatic sciences|x1488-5379|vNo. 1806 |
| 500 | |aIncorrect catalogue number (Fs97-6/1806) and ISSN (0706-6457) for the print edition copied in this electronic publication. |
| 546 | |a(Résumé en français) |
| 590 | |a12-22-Supp|b2012-05-24 |
| 720 | 1 |aBaker, R. F. |
| 720 | 1 |aDavies, S. |
| 776 | 0#|tPhysical, chemical, and biological effects of the Churchill River diversion and Lake Winnipeg regulation on aquatic ecosystems / |w(CaOODSP)9.609884 |
| 830 | #0|aCanadian technical report of fisheries and aquatic sciences,|x1488-5379|vNo. 1806|w(CaOODSP)9.504449 |
| 856 | 40|ahttp://publications.gc.ca|qPDF|s26.11 MB|uhttps://publications.gc.ca/collections/collection_2012/mpo-dfo/Fs97-6-1806-eng.pdf|yNo. 1806 |